Countries with the smallest in different categories - Statistics

General Stats
  • This quiz has been taken 18 times
  • The average score is 11 of 15
Answer Stats
Category Amount Answer % Correct
Area #1: 0.49 sq km Vatican city
100%
Population #1 500 Vatican City
100%
Area #2: 2.02 sq km Monaco
88%
Least Densely Populated #2 2.2 Mongolia
88%
Area #3: 21 sq km Nauru
88%
GDP (Nominal) #2: $169M Nauru
88%
Population #3 12,000 Nauru
88%
GDP (Nominal) #1: $21M Tuvalu
88%
Population #2 10,000 Tuvalu
88%
GDP (Nominal) #3: $297M Marshall Islands
65%
Least Densely Populated #3 3.5 Australia
59%
GDP PPP (Per Capital) #1 $950 South Sudan
41%
GDP PPP (Per Capital) #3 $1369 Central African Republic
35%
GDP PPP (Per Capital) #2 $989 Burundi
29%
Least Densely Populated #1 0.03 per sq km Greenland
12%
No matching quizzes found
Score Distribution
Percent of People with Each Score
Percentile by Number Answered
Your Score History
You have not taken this quiz